000 00310cam a22001097a 4500
008 180718b1970 xxu||||| |||| 00| 0 eng d
082 _aB7303mcx42 Un3 M
245 _aManchester corporation act,1970
_cby Her Majesty's
260 _aLondon
_bHer Majesty's
_c1970
300 _aiii,32p
700 _aU.K.Her Majesty's
999 _c415796
_d415796